000 01718nam a2200373 c 4500
003 BLK
005 20190719145551.0
008 180411b bul|||||r ||||||| ||bul||
010 _aKNG00196765000
040 _aBLK
041 _aBUL
_cBUL
080 _aВоенна история - Военни походи, битки, героични подвизи. Вж и 93/99
_b355.48
_x(47+57)(092)
_z355.48(47+57)(092)
080 _aРуска литература
_b821.161.1
_x-32
_z821.161.1-32
080 _aСъветски военачалник
_b929 Петров, Иван Ефимович
_x
_z929 Петров, Иван Ефимович
100 1 _aКарпов, Владимир Василиевич
_eпърви автор
_9311755
700 1 _aРакева, Нина
_eпрев. от рус.
_9114944
139 _aКарпов, Владимир Василиевич
_bК 43
245 1 0 _aИ. Е. Петров
_bДокум. повест
_cВладимир Василиевич Карпов; прев. от рус. Нина Ракева.
257 _aSUN
260 София
_bВоен. изд.
_c1987
300 _a640 с.
_c21 см
380 _a3
490 1 _aПълководци
500 _aОриг. загл. Полководец / Владимир Василевич Карпов. - Без тир.
600 1 4 _aПетров, Иван Ефимович
_9344417
650 4 _aПълководци и генерали, руски
_9247285
653 _aпълководци
653 _aгенерали
852 _aЦб 149366
856 4 _qpdf
_u
856 4 _qpdf
_u
942 _cKNG
_n0
_01
944 _aCR
_c24.11.2016
_kРадостина_Карадакова
944 _aED
_c24.11.2016
_kРадостина_Карадакова
999 _c187748
_d187748